[Event "Santo Domingo Autumn op"]
[Site "Santo Domingo"]
[Date "2016.10.07"]
[Round "8"]
[White "Custodio, Miguel Angel"]
[Black "Belliard Alonzo, Julio Cesar"]
[Result "1/2-1/2"]
[WhiteElo "1755"]
[BlackElo "1636"]
[PlyCount "86"]
[EventDate "2016.10.07"]
[EventType "swiss"]
[EventRounds "8"]
[EventCountry "DOM"]
[SourceTitle "CBM 175 Extra"]
[Source "ChessBase"]
[SourceDate "2016.12.12"]
[SourceVersion "1"]
[SourceVersionDate "2016.12.12"]
[SourceQuality "1"]

1. d4 d5 2. e3 Nf6 3. c3 c6 4. f4 Bf5 5. Nf3 e6 6. Be2 Bd6 7. 0-0 0-0 8. Qb3 Qc7 9. Ne5 Ne4 10. Qd1 Nd7 11. Bf3 h6 12. Nd2 Nxd2 13. Bxd2 Bxe5 14. fxe5 c5 15. Qe2 c4 16. e4 Bh7 17. Qe3 Nb6 18. exd5 Nxd5 19. Bxd5 exd5 20. Qg3 Kh8 21. Rf4 Bd3 22. Rh4 Kh7 23. Bf4 Qb6 24. Qf2 f6 25. Be3 fxe5 26. Qd2 Qf6 27. g3 Rf7 28. dxe5 Qg6 29. Bc5 b6 30. Bd6 Rd8 31. Rf4 Rdd7 32. Qe3 Rxf4 33. Qxf4 Rf7 34. Qe3 Qe6 35. Kg2 Be4+ 36. Kg1 Qh3 37. Qe2 Bd3 38. Qg2 Qe6 39. Rd1 g5 40. Re1 Be4 41. Qe2 Bd3 42. Qh5 Bg6 43. Qe2 Bd3 1/2-1/2